000 00306nam a22001217a 4500
020 _a07-015002-8
082 _a621.381 CUT'S
100 _aCUTLER, PHILLIP
_977035
245 _aSOLID STATE DEVICE THEORY WITH ILLUSTRATIVE PROBLEMS
260 _aNEWYORK
_bMCGRAW HILL
_c1972
300 _a232P
942 _cBK
999 _c582351
_d582351